000 00522nam a2200181 i 4500
001 75744
003 ES-MaACL
005 20230906172559.0
007 t|
008 040927s1967 sp ||||1| spa d
080 _a75(091)
245 0 4 _aLos grandes pintores y sus obras maestras.
260 _aMadrid :
_bSelecciones del Reader's Digest,
_c[1967]
300 _a247 p. :
_bil. col. ;
_c32 cm.
650 4 _aPintura-
_vHistoria.
_916006
710 2 _aSelecciones del Reader's Digest.
_96545
852 4 _aES-MaACL
_jC-33368
999 _c75744
_d75744